00405nam a2200145 4500003000900000005001700009008004100026020002700067040001300094082001700107100002100124245006200145260004300207300000900250SEACOMEC20240827151712.0240827b |||||||| |||| 00| 0 eng d a978-0074515051c210.00 aSEACOMEC a620.11bA277 a Agarwal , B.K. aIntroduction to Engineering Materials/ c B.K. Agarwal  aNew DelhibMcGraw Hill Educationc1988 a353p